000 00775nam a2200253 a 4500
001 BRL_96
005 20190320210604.0
008 111012s19uu----mx-a######---#000-0#spa-#
041 _aspa
044 _amx
050 4 _aND50
_b.T542 2 1900
100 1 _aBecker-Donner, Etta
_922895
245 1 0 _aPintura precolombina
_cEtta Becker-Donner ; traducción de Matilde Z. Horne.
260 _aMéxico
_bHermes
_c[19--?]
300 _a64 p.
_bil. a color, 24 láminas
_c19 cm.
440 0 _aTiempo y color
_pSegunda serie : Albores de la pintura
_v2
_922896
500 _aAu160
504 _aBibliografía: p. [66]
650 1 4 _aPintura
_xHistoria
_922897
650 1 4 _aPintura precolombina
_922898
700 1 _aHorne, Matilde Z.
_etr.
_922899
902 _aGRL
942 _2lcc
_cB
999 _c8909
_d8909